01635cam a22004214i 4500003000900000005001700009008004100026035001900067040003300086082002100119100004500140245009400185264004700279300004500326336002100371337002500392338002300417504004200440505050300482526001000985526001000995526000901005526000901014526000901023526000901032526000901041526000901050526000901059526000801068526000801076526000801084526000801092526000801100541001701108541001701125650003601142700003501178PE-LiUPU20250731165606.0150706s2006 pe a rb 000 0 d a(Sirsi) a48197 aPE-LiUPUbspacPE-LiUPUerda04a001.402bR742211 aRodríguez de los Ríos, Luis,eautor.10aSeminario de investigación II /cLuis Rodríguez de los Ríos y Carmen Zevallos Choy. 1aLima :bFondo Editorial de la UIGV,c2006. a184 páginas :bilustraciones ;c24 cm. atext2rdacontent aunmediated2rdamedia avolume2rdacarrier aIncluye referencias bibliográficas.0 a¿Cuáles son los fundamentos de la ciencia y el conocimiento científico? -- El conocimiento -- El conocimiento científico -- Fundamentos de la ciencia -- El método científico -- ¿Cuál es la relación entre la ciencia y la investigación? -- ¿Cuáles son los paradigmas y enfoques de la investigación científica? -- ¿Cuáles son las etapas de la investigación? -- ¿Cómo se hace una investigación? -- ¿Qué técnicas e instrumentos se utilizan en la investigación?. aSEG44 aSEG26 aP151 aP150 aP149 aP146 aP145 aP126 aP125 aP92 aP75 aP74 aP27 aP15 g015-0011157; g015-0011157;04aInvestigaciónxMetodología.1 aZevallos Choy, Carmen,eautor.